Hero : (Record no. 129597)

MARC details
000 -LEADER
fixed length control field 00616nam a22002177a 4500
005 - DATE AND TIME OF LATEST TRANSACTION
control field 20170124110058.0
010 ## - LIBRARY OF CONGRESS CONTROL NUMBER
LC control number A-410711
020 ## - INTERNATIONAL STANDARD BOOK NUMBER
Terms of availability 00.00
035 ## - SYSTEM CONTROL NUMBER
System control number A-410711
037 ## - SOURCE OF ACQUISITION
Source of stock number/acquisition Cen Lib/Ret
040 ## - CATALOGING SOURCE
Original cataloging agency DPL
Language of cataloging EN
082 ## - DEWEY DECIMAL CLASSIFICATION NUMBER
Classification number N
Item number SEA
100 ## - MAIN ENTRY--PERSONAL NAME
Personal name Sealy, I. Allan
9 (RLIN) 26848
245 ## - TITLE STATEMENT
Title Hero :
Statement of responsibility, etc by I. Allan Sealy
Remainder of title a fable /
260 ## - PUBLICATION, DISTRIBUTION, ETC. (IMPRINT)
Place of publication, distribution, etc New Delhi
Name of publisher, distributor, etc Penguin Books
Date of publication, distribution, etc 1990
270 ## - ADDRESS
Address 72-B Himalaya House, 23, Kasturba Gandhi Marg
City New Delhi
Postal code 110001
300 ## - PHYSICAL DESCRIPTION
Extent 284p.
Dimensions 20cm(Hb)
650 ## - SUBJECT ADDED ENTRY--TOPICAL TERM
Topical term or geographic name as entry element English fiction
9 (RLIN) 111754
650 ## - SUBJECT ADDED ENTRY--TOPICAL TERM
Topical term or geographic name as entry element English fiction -- 20th century
9 (RLIN) 26850
942 ## - ADDED ENTRY ELEMENTS (KOHA)
Source of classification or shelving scheme Dewey Decimal Classification
Koha item type English Books
Classification part N
Call number suffix SEA
Holdings
Withdrawn status Lost status Damaged status Not for loan Home library Current library Date acquired Source of acquisition Cost, normal purchase price Total Checkouts Full call number Barcode Date last seen Copy number Cost, replacement price Price effective from Koha item type Public note
Written off       Central Library Central Library 07/07/2015 Cen Lib/Ret 0.00   N SEA A-410711 07/07/2015 1 0.00 07/07/2015 English Books W/d List No. 6862/10 ; dtd 06/08/2020

© Delhi Public Library
Hit Counter
free hit counter